[Event "ICS rated blitz match"]
[Site "204.178.125.65"]
[Date "2000.05.17"]
[Round "?"]
[White "Hossa"]
[Black "cipres"]
[Result "1-0"]
[WhiteElo "2408"]
[BlackElo "2045"]
[PlyCount "31"]
[EventDate "2000.??.??"]

1. d4 d5 2. Bf4 Nf6 3. Nf3 e6 4. e3 Be7 5. Nbd2 O-O 6. Bd3 Nbd7 7. c3 Nh5 8.
Bg3 Nxg3 9. hxg3 f5 10. g4 Nf6 11. gxf5 exf5 12. Qc2 g6 13. O-O-O c6 14. Ne5
Qa5 15. Kb1 Be6 16. g4 {cipres resigns} 1-0

[Event "ICS rated blitz match"]
[Site "204.178.125.65"]
[Date "2000.05.17"]
[Round "?"]
[White "Montevideano"]
[Black "Hossa"]
[Result "0-1"]
[WhiteElo "2147"]
[BlackElo "2412"]
[PlyCount "90"]
[EventDate "2000.??.??"]

1. e4 e5 2. Nf3 Nc6 3. Bc4 Bc5 4. O-O d6 5. c3 Qf6 6. d4 exd4 7. Bg5 Qg6 8.
cxd4 Nxd4 9. Nxd4 Qxg5 10. Nc3 Bxd4 11. Qxd4 Bh3 12. g3 Bxf1 13. Rxf1 Qe5 14.
Qd3 Nf6 15. b4 O-O 16. f4 Qe7 17. h3 a5 18. b5 Qd7 19. g4 Qd8 20. g5 Nd7 21. h4
Nc5 22. Qf3 c6 23. a4 Re8 24. f5 Qb6 25. Kh1 Nxe4 26. Bxf7+ Kxf7 27. Nxe4 Qd4
28. g6+ Kg8 29. gxh7+ Kh8 30. Ng5 Qxh4+ 31. Nh3 cxb5 32. Rg1 bxa4 33. Qg2 Qe4
34. Qxe4 Rxe4 35. Ng5 Rh4+ 36. Kg2 Rg4+ 37. Kf2 Rxg1 38. Kxg1 a3 39. Nf7+ Kxh7
40. Nxd6 a2 41. Nc4 a1=Q+ 42. Kf2 Qa2+ 43. Kg3 Qxc4 44. Kf3 a4 45. f6 gxf6 0-1

[Event "ICS rated blitz match"]
[Site "204.178.125.65"]
[Date "2000.05.17"]
[Round "?"]
[White "Hossa"]
[Black "vadux"]
[Result "1-0"]
[WhiteElo "2416"]
[BlackElo "2180"]
[PlyCount "43"]
[EventDate "2000.??.??"]

1. d4 e6 2. Bf4 Nf6 3. e3 b6 4. Nf3 Bb7 5. c4 c5 6. Nc3 cxd4 7. exd4 Bb4 8. Be2
O-O 9. O-O Bxc3 10. bxc3 d5 11. Re1 Nbd7 12. Bd6 Re8 13. Nd2 dxc4 14. Nxc4 Ne4
15. Qc1 b5 16. f3 Nxc3 17. Qxc3 bxc4 18. Qxc4 Nb6 19. Qb4 Qg5 20. Bb5 Red8 21.
Be7 Rxd4 22. Qxd4 {vadux resigns} 1-0

[Event "ICS rated blitz match"]
[Site "204.178.125.65"]
[Date "2000.05.17"]
[Round "?"]
[White "DoctorZ"]
[Black "Hossa"]
[Result "0-1"]
[WhiteElo "1996"]
[BlackElo "2423"]
[PlyCount "64"]
[EventDate "2000.??.??"]

1. c4 Nf6 2. Nc3 e5 3. Nf3 Nc6 4. e4 Bc5 5. Nxe5 Nxe5 6. d4 Bb4 7. dxe5 Nxe4 8.
Qd4 Nxc3 9. bxc3 Be7 10. Qg4 g6 11. Bf4 h5 12. Qf3 g5 13. Be3 Ba3 14. Bd4 Qe7
15. Be2 c5 16. O-O g4 17. Qe4 cxd4 18. cxd4 d6 19. f4 h4 20. f5 dxe5 21. dxe5
g3 22. Rf3 Bb2 23. Rb1 Bxe5 24. Qd5 gxh2+ 25. Kh1 Bg3 26. Qd4 f6 27. c5 Kf8 28.
Bb5 Qe5 29. Qd8+ Kg7 30. Qd2 Qxc5 31. Rc3 Qxf5 32. Rc7+ Bxc7 {DoctorZ resigns}
0-1

[Event "ICS rated blitz match"]
[Site "204.178.125.65"]
[Date "2000.05.17"]
[Round "?"]
[White "Hossa"]
[Black "Beadle"]
[Result "0-1"]
[WhiteElo "2426"]
[BlackElo "2588"]
[PlyCount "140"]
[EventDate "2000.??.??"]

1. d4 Nf6 2. c4 g6 3. Nf3 Bg7 4. g3 O-O 5. Nc3 d5 6. cxd5 Nxd5 7. Bg2 c5 8.
Nxd5 Qxd5 9. O-O cxd4 10. e3 d3 11. Ne1 Qd6 12. Qxd3 Rd8 13. Qxd6 Rxd6 14. Nf3
Nc6 15. Ng5 f5 16. f4 h6 17. Nh3 Be6 18. e4 fxe4 19. Nf2 Bc4 20. Re1 e3 21.
Bxe3 Rb8 22. Rac1 Bxa2 23. b4 a6 24. Bc5 Re6 25. Bxc6 bxc6 26. Rxe6 Bxe6 27.
Bxe7 Bd5 28. Ng4 Re8 29. Bc5 Re2 30. Ne3 Kf7 31. Rd1 Be6 32. Rd3 h5 33. Ra3 Ra2
34. Rxa2 Bxa2 35. Kf2 Ke6 36. Ke2 Bb1 37. Kd2 Bf6 38. h3 Bd8 39. Kc1 Be4 40.
Nd1 h4 41. g4 Bg2 42. Nf2 Bc7 43. Kd2 Bxf4+ 44. Kc3 Kd5 45. Kb3 Be5 46. g5 Bf4
47. Ka4 Bxg5 48. Ka5 Bf1 49. Bb6 Be7 50. Be3 Bb5 51. Ng4 Be2 52. Nf2 Bf6 53.
Bc5 Bd4 54. Bb6 Bxb6+ 55. Kxb6 Kd4 56. Kxc6 Ke3 57. Nh1 Bf1 58. Kd5 Bxh3 59.
Ke5 g5 60. Kf6 g4 61. Kg5 g3 62. Kxh4 g2 63. Nf2 Kxf2 64. Kg5 g1=Q+ 65. Kf6 Qg8
66. Ke7 Qe6+ 67. Kf8 Qd7 68. Kg8 Be6+ 69. Kh8 Qf7 70. b5 Qg8# {Hossa checkmated
} 0-1

[Event "ICS rated blitz match"]
[Site "204.178.125.65"]
[Date "2000.05.18"]
[Round "?"]
[White "Hossa"]
[Black "Viveiros"]
[Result "1-0"]
[WhiteElo "2417"]
[BlackElo "2023"]
[PlyCount "25"]
[EventDate "2000.??.??"]

1. d4 Nf6 2. c4 e6 3. Nf3 Bb4+ 4. Nbd2 c5 5. dxc5 Na6 6. a3 Qa5 7. e4 Bxc5 8.
Bd3 d5 9. exd5 exd5 10. O-O O-O 11. cxd5 Nxd5 12. Nb3 Qd8 13. Bxa6 1-0

[Event "ICS rated standard match"]
[Site "204.178.125.65"]
[Date "2000.05.18"]
[Round "?"]
[White "PostModernist"]
[Black "Hossa"]
[Result "1-0"]
[WhiteElo "2400"]
[BlackElo "2376"]
[PlyCount "119"]
[EventDate "2000.??.??"]

1. d4 Nf6 2. c4 e6 3. g3 c5 4. d5 exd5 5. cxd5 Qa5+ 6. Bd2 Qb6 7. Nc3 d6 8. Nf3
Be7 9. Bg2 O-O 10. Qb1 Bg4 11. O-O Na6 12. e4 Qc7 13. Re1 Nd7 14. Re3 Qd8 15.
Qf1 Nb4 16. Ne1 f5 17. h3 Bh5 18. exf5 Bg5 19. f4 Bf6 20. a3 Na6 21. g4 Bf7 22.
Nb5 Bxb2 23. Rb1 Bd4 24. Nxd4 cxd4 25. Rd3 h5 26. Qf2 Nac5 27. Rxd4 Qc8 28. Bf3
Nf6 29. Qg2 hxg4 30. hxg4 Nfd7 31. g5 b6 32. Rb2 Qd8 33. f6 Nxf6 34. gxf6 Qxf6
35. Qf2 Rae8 36. Bc3 Na4 37. Rxa4 Qxc3 38. Be4 Bh5 39. Ng2 Qc1+ 40. Kh2 Qc7 41.
Qg3 Rf6 42. Rc2 Qf7 43. Rac4 Rh6 44. Kg1 Qf6 45. Rc8 Qa1+ 46. Rc1 Qf6 47. Qe3
Rf8 48. Rxf8+ Qxf8 49. Rc7 Qb8 50. Qc3 Qf8 51. Bf5 Be8 52. Be6+ Rxe6 53. dxe6
a6 54. Ne3 Qf6 55. Qxf6 gxf6 56. Ng4 Kh8 57. f5 a5 58. Nxf6 Bd7 59. Rxd7 b5 60.
Rh7# {Hossa checkmated} 1-0

[Event "ICS rated blitz match"]
[Site "204.178.125.65"]
[Date "2000.05.18"]
[Round "?"]
[White "JZInsomniac"]
[Black "Hossa"]
[Result "1/2-1/2"]
[WhiteElo "2708"]
[BlackElo "2420"]
[PlyCount "296"]
[EventDate "2000.??.??"]

1. e4 c5 2. Nf3 Nc6 3. d4 cxd4 4. Nxd4 g6 5. Nc3 Bg7 6. Be3 d6 7. Bc4 Bd7 8.
O-O Nf6 9. Qe2 O-O 10. Rad1 Ng4 11. Nxc6 bxc6 12. Bg5 Rb8 13. Bb3 Bxc3 14. bxc3
h6 15. Bd2 g5 16. h3 Nf6 17. f4 Qb6+ 18. Be3 Qb5 19. Qe1 Qa5 20. fxg5 hxg5 21.
Bd4 Nh5 22. Qf2 Be6 23. Bxa7 Ra8 24. Be3 Nf6 25. Qf3 Qe5 26. Bd4 Qxe4 27. Bxf6
Qxf3 28. Rxf3 exf6 29. Rxd6 c5 30. c4 Kg7 31. Kf2 Ra3 32. Re3 Rh8 33. Rc6 Ra5
34. Rb6 Ra7 35. Re4 Kg6 36. Kg3 Ra3 37. Kf3 Rd8 38. Rb5 Rc8 39. Rb7 Rh8 40. c3
f5 41. Re5 Rc8 42. Rb6 Kf6 43. Rd5 Kg7 44. Rd3 Kf6 45. Kf2 Rc7 46. Rd1 Rc8 47.
Rb5 Ke5 48. Rd2 Kf6 49. Ke3 Ra7 50. Rb6 Ke7 51. Rbd6 Ra5 52. Rd1 Ra3 53. Kf2
Rh8 54. Rc6 Ra5 55. Rb6 Ra7 56. Rb5 Rc8 57. a4 Bd7 58. Rd5 Bxb5 59. cxb5 c4 60.
Bc2 Rd8 61. Rxd8 Kxd8 62. Ke3 Rd7 63. Bxf5 Rd1 64. Be4 Ra1 65. b6 Rxa4 66. Kd4
Kc8 67. Kc5 Ra3 68. Kxc4 Ra4+ 69. Kd3 f5 70. Bd5 Ra6 71. b7+ Kc7 72. Kd4 g4 73.
hxg4 fxg4 74. c4 Ra4 75. Ke5 g3 76. c5 Rh4 77. c6 Rh5+ 78. Ke4 Rh4+ 79. Ke3 Rg4
80. Be4 Rh4 81. Kf3 Kb8 82. Bf5 Rc4 83. Be4 Kc7 84. Kf4 Rd4 85. Ke5 Rd8 86. Kf5
Rd1 87. Kg4 Rd4 88. Kf4 Ra4 89. Ke5 Ra3 90. Kd4 Ra4+ 91. Kd5 Ra5+ 92. Ke6 Ra1
93. Kf6 Ra4 94. Bd5 Rd4 95. Ke5 Rd3 96. Be6 Rd2 97. Bh3 Rc2 98. Kf4 Rxc6 99.
Bf5 Rf6 100. Kg5 Rf8 101. Be4 Rd8 102. Kf4 Rd4 103. Ke5 Rb4 104. Bf3 Ra4 105.
Bd5 Ra5 106. Ke6 Rc5 107. Be4 Rh5 108. Bd5 Rg5 109. Bf3 Rb5 110. Be4 Rc5 111.
Bd5 Ra5 112. Ke5 Rb5 113. Kd4 Kd6 114. Kc4 Rb1 115. Be4 Rc1+ 116. Kd3 Kc7 117.
Kd4 Rf1 118. Ke5 Rf8 119. Bd5 Rf2 120. Kd4 Rf4+ 121. Ke3 Rf8 122. Bf3 Kb8 123.
Be4 Rf6 124. Kd3 Kc7 125. Kc4 Rf4 126. Kd5 Kb8 127. Ke5 Rh4 128. Kf5 Kc7 129.
Bf3 Rd4 130. Be4 Kb8 131. Ke5 Rb4 132. Bd5 Rh4 133. Be4 Rh8 134. Kf4 Rg8 135.
Bd5 Rg7 136. Ke5 Rg5+ 137. Kd6 Rh5 138. Bf3 Rb5 139. Bd5 Rb6+ 140. Kc5 Kc7 141.
Kd4 Rf6 142. Ke4 Rf1 143. Ke5 Rf8 144. Ke6 Rb8 145. Kf5 Rd8 146. Be4 Rd2 147.
Kg4 Rd4 148. Kf4 Rb4 1/2-1/2

[Event "ICS rated standard match"]
[Site "204.178.125.65"]
[Date "2000.05.18"]
[Round "?"]
[White "Hossa"]
[Black "Tika"]
[Result "1-0"]
[WhiteElo "2361"]
[BlackElo "2390"]
[PlyCount "105"]
[EventDate "2000.??.??"]

1. d4 c5 2. d5 f5 3. e3 Nf6 4. Nf3 Na6 5. Bxa6 bxa6 6. O-O d6 7. b3 g6 8. Bb2
Bg7 9. c4 O-O 10. Nbd2 h6 11. Qc2 Kh7 12. a3 Rb8 13. Rfd1 Qc7 14. Bc3 Rd8 15.
Qa2 e6 16. dxe6 Bxe6 17. Qc2 Qc6 18. Ne1 Rb7 19. Nd3 Bf7 20. Qb2 Ne8 21. Bxg7
Nxg7 22. Nf4 g5 23. Qf6 Re8 24. Nh3 Re6 25. Qc3 Bh5 26. f3 Rbe7 27. Nf1 Bg6 28.
Nf2 Ne8 29. Nd3 Nc7 30. Rab1 h5 31. b4 cxb4 32. Nxb4 Qa4 33. Nd5 Nxd5 34. cxd5
Re5 35. Rd4 Qe8 36. Qc4 Bf7 37. Qxa6 Bxd5 38. Qxd6 Bb7 39. Qf6 Qg6 40. Qxg6+
Kxg6 41. Rd6+ Kf7 42. Rh6 h4 43. Rxb7 Rxb7 44. Rh7+ Ke6 45. Rxb7 Ra5 46. Rb3
Kd5 47. Nd2 Rc5 48. Rb7 Rc2 49. Rxa7 Kd6 50. Nf1 Kc6 51. Ra5 f4 52. Rxg5 fxe3
53. Nxe3 {Tika resigns} 1-0

[Event "ICS rated blitz match"]
[Site "204.178.125.65"]
[Date "2000.05.18"]
[Round "?"]
[White "Hossa"]
[Black "appel"]
[Result "1/2-1/2"]
[WhiteElo "2431"]
[BlackElo "2069"]
[PlyCount "95"]
[EventDate "2000.??.??"]

1. d4 Nf6 2. c4 e6 3. Nf3 c5 4. d5 exd5 5. cxd5 d6 6. Nc3 g6 7. e4 Bg7 8. Bd3
O-O 9. O-O a6 10. Bf4 b5 11. Qc2 c4 12. Be2 Bg4 13. Bxd6 Qxd6 14. e5 Qb6 15.
exf6 Bxf6 16. Rfe1 Nd7 17. Ne4 Bg7 18. Nfg5 Bf5 19. Red1 h6 20. g4 Bxe4 21.
Nxe4 f5 22. gxf5 gxf5 23. Nc3 Nc5 24. d6 Rad8 25. a4 Ne4 26. Bf3 Rxd6 27. Nxe4
fxe4 28. Rxd6 Qxd6 29. Bxe4 Qe5 30. axb5 axb5 31. Ra7 Qxb2 32. Qxb2 Bxb2 33.
Ra8 Rxa8 34. Bxa8 Kf8 35. Bd5 Ke7 36. Bc6 b4 37. Bd5 c3 38. Bb3 Kf6 39. Kf1 Ke5
40. Ke2 Kf4 41. Bc2 Bc1 42. h3 Ba3 43. Bb3 Bc1 44. Bc2 Ba3 45. Bb3 Bc1 46. Bc2
Ba3 47. Bb3 Bc1 48. Bc2 1/2-1/2

[Event "ICS rated blitz match"]
[Site "204.178.125.65"]
[Date "2000.05.18"]
[Round "?"]
[White "joejan"]
[Black "Hossa"]
[Result "0-1"]
[WhiteElo "2320"]
[BlackElo "2419"]
[PlyCount "62"]
[EventDate "2000.??.??"]

1. e4 c5 2. Nc3 Nc6 3. f4 e6 4. Nf3 a6 5. d3 d5 6. g3 d4 7. Ne2 Nf6 8. Bg2 Be7
9. O-O O-O 10. h3 b5 11. g4 Bb7 12. a4 Re8 13. f5 exf5 14. gxf5 Bd6 15. Bg5 Bc7
16. Qe1 h6 17. Bd2 Bd6 18. Qh4 Ne5 19. Bxh6 gxh6 20. Qxh6 Bf8 21. Qg5+ Bg7 22.
Nxe5 Rxe5 23. Ng3 Qc7 24. Rf4 c4 25. Raf1 cxd3 26. cxd3 Qc5 27. Nh5 Nxh5 28.
Qxh5 Kf8 29. Qh7 Bf6 30. Rg4 Ke7 31. axb5 Rh8 {joejan resigns} 0-1

[Event "ICS rated blitz match"]
[Site "204.178.125.65"]
[Date "2000.05.18"]
[Round "?"]
[White "Hossa"]
[Black "MissSilicon"]
[Result "0-1"]
[WhiteElo "2431"]
[BlackElo "2633"]
[PlyCount "70"]
[EventDate "2000.??.??"]

1. d4 Nf6 2. c4 e6 3. g3 Bb4+ 4. Bd2 Nc6 5. Nf3 d5 6. e3 O-O 7. Bxb4 Nxb4 8.
Nc3 a6 9. c5 Ne4 10. Nxe4 dxe4 11. Nd2 Qd5 12. Qb1 Bd7 13. Rg1 Qh5 14. h4 f5
15. g4 Qxh4 16. gxf5 exf5 17. a3 Nd5 18. Rg3 Rae8 19. Rh3 Qg4 20. Rh1 Ba4 21.
b3 Bb5 22. Nc4 f4 23. Ne5 Rxe5 24. dxe5 fxe3 25. Bxb5 exf2+ 26. Kd2 axb5 27. b4
e3+ 28. Kc2 e2 29. Qb3 Qe4+ 30. Kb2 e1=Q 31. Rd1 Q4e2+ 32. Ka1 Qc3+ 33. Qxc3
Nxc3 34. Rd2 Qxd2 35. Rxh7 f1=Q# {Hossa checkmated} 0-1

[Event "ICS rated blitz match"]
[Site "204.178.125.65"]
[Date "2000.05.18"]
[Round "?"]
[White "Hossa"]
[Black "BarryNelson"]
[Result "1-0"]
[WhiteElo "2423"]
[BlackElo "2090"]
[PlyCount "54"]
[EventDate "2000.??.??"]

1. d4 d5 2. Bf4 Bf5 3. Nf3 c6 4. e3 e6 5. Bd3 Bd6 6. Bxd6 Qxd6 7. Bxf5 exf5 8.
Nbd2 Nd7 9. c4 Ne7 10. O-O O-O 11. Qc2 Rac8 12. Ng5 g6 13. g3 Nf6 14. Rad1 Ne4
15. Ngxe4 dxe4 16. f3 exf3 17. Nxf3 h6 18. Qf2 Kh7 19. a3 Ng8 20. Ne5 Nf6 21.
Qg2 Ne4 22. g4 Ng5 23. gxf5 Rg8 24. fxg6+ fxg6 25. h4 Ne6 26. Rf7+ Rg7 27.
Qxg6+ Kh8 {BarryNelson resigns} 1-0

[Event "ICS rated blitz match"]
[Site "204.178.125.65"]
[Date "2000.05.18"]
[Round "?"]
[White "BarryNelson"]
[Black "Hossa"]
[Result "0-1"]
[WhiteElo "2086"]
[BlackElo "2427"]
[PlyCount "52"]
[EventDate "2000.??.??"]

1. e4 c5 2. Nf3 Nc6 3. Bb5 Qb6 4. Nc3 e6 5. a4 Nf6 6. O-O Qc7 7. Re1 Be7 8. h3
d6 9. d4 cxd4 10. Nxd4 O-O 11. Bf1 Nxd4 12. Qxd4 Nd7 13. Qc4 Qd8 14. Bf4 Nc5
15. b4 Nd7 16. Rad1 e5 17. Bc1 Nb6 18. Qb3 Be6 19. Nd5 Nxd5 20. exd5 Bd7 21. c4
Qe8 22. b5 b6 23. Bb2 Qd8 24. Bc1 Qc7 25. f4 f6 26. f5 Bxf5 {
BarryNelson resigns} 0-1

[Event "ICS rated blitz match"]
[Site "204.178.125.65"]
[Date "2000.05.18"]
[Round "?"]
[White "Hossa"]
[Black "BarryNelson"]
[Result "1-0"]
[WhiteElo "2431"]
[BlackElo "2082"]
[PlyCount "55"]
[EventDate "2000.??.??"]

1. d4 d5 2. Bf4 Bf5 3. Nf3 c6 4. e3 e6 5. Bd3 Bd6 6. Bxd6 Qxd6 7. Bxf5 exf5 8.
Nbd2 Nf6 9. c4 O-O 10. cxd5 cxd5 11. O-O Nc6 12. Qe2 Ne4 13. Rfc1 Rac8 14. Nb3
Rfe8 15. Nc5 Re7 16. g3 Rce8 17. Qb5 Nxc5 18. Qxc5 Qd7 19. b4 a6 20. a4 Re6 21.
b5 Ne7 22. Ne5 Qd8 23. Rab1 Ng6 24. Nxg6 hxg6 25. bxa6 Rxa6 26. Rxb7 g5 27. Qb5
Rh6 28. Rd7 {BarryNelson resigns} 1-0

[Event "ICS rated standard match"]
[Site "204.178.125.65"]
[Date "2000.05.18"]
[Round "?"]
[White "MM3Quick"]
[Black "Hossa"]
[Result "1/2-1/2"]
[WhiteElo "2315"]
[BlackElo "2364"]
[PlyCount "62"]
[EventDate "2000.??.??"]

1. c3 e5 2. Qc2 Nc6 3. d3 d5 4. e4 dxe4 5. dxe4 Nf6 6. Nf3 Bd6 7. h3 O-O 8. Bg5
Bc5 9. Bc4 Bd7 10. O-O h6 11. Bh4 Qe7 12. Nbd2 Rfd8 13. Rad1 a5 14. a4 g5 15.
Bg3 g4 16. hxg4 Bxg4 17. Rfe1 Nh7 18. Be2 Ng5 19. Nh4 Bxe2 20. Nf5 Qf6 21. Rxe2
Qe6 22. Nf1 Rxd1 23. Qxd1 Qg6 24. Qc2 Qf6 25. N1e3 Bxe3 26. Nxe3 Rd8 27. Nd5
Qd6 28. f3 Nb8 29. Ne3 Nc6 30. Nd5 Nb8 31. Ne3 Nc6 1/2-1/2

[Event "ICS rated blitz match"]
[Site "204.178.125.65"]
[Date "2000.05.19"]
[Round "?"]
[White "Hossa"]
[Black "Berzas"]
[Result "1-0"]
[WhiteElo "2435"]
[BlackElo "2000"]
[PlyCount "79"]
[EventDate "2000.??.??"]

1. d4 Nf6 2. Nf3 e6 3. c4 Bb4+ 4. Nc3 O-O 5. Bg5 c5 6. a3 Bxc3+ 7. bxc3 Qa5 8.
Bd2 d5 9. cxd5 exd5 10. c4 Qc7 11. cxd5 Nxd5 12. e3 Bg4 13. Rc1 b6 14. Be2 Nd7
15. O-O Rfe8 16. Qc2 Rac8 17. Ba6 Bxf3 18. Bxc8 Bxg2 19. Kxg2 Qxc8 20. e4 N5f6
21. Rfe1 Ne5 22. dxe5 Qg4+ 23. Kf1 Qh3+ 24. Ke2 Qg4+ 25. f3 Qg2+ 26. Kd3 Rd8+
27. Kc3 Qxf3+ 28. Re3 Rxd2 29. Rxf3 Rxc2+ 30. Kxc2 Nxe4 31. h4 f6 32. Re1 f5
33. Rxf5 Ng3 34. Rg5 b5 35. Rxg3 b4 36. Rf1 bxa3 37. e6 a2 38. e7 h6 39. e8=Q+
Kh7 40. Qg6+ {Berzas resigns} 1-0

[Event "ICS rated standard match"]
[Site "204.178.125.65"]
[Date "2000.05.19"]
[Round "?"]
[White "Hossa"]
[Black "GreenGiant"]
[Result "1-0"]
[WhiteElo "2362"]
[BlackElo "2213"]
[PlyCount "39"]
[EventDate "2000.??.??"]

1. d4 Nf6 2. Nf3 g6 3. c4 Bg7 4. g3 d5 5. cxd5 Nxd5 6. e4 Nb6 7. Bb5+ c6 8. Be2
Bh3 9. Ng5 Bg2 10. Rg1 h6 11. Nxf7 Kxf7 12. Rxg2 Qxd4 13. Qxd4 Bxd4 14. h4 Na6
15. h5 g5 16. Bxa6 bxa6 17. f4 g4 18. Rc2 c5 19. Nc3 e6 20. e5 {
GreenGiant resigns} 1-0

[Event "ICS rated standard match"]
[Site "204.178.125.65"]
[Date "2000.05.19"]
[Round "?"]
[White "Hossa"]
[Black "scalpel"]
[Result "1-0"]
[WhiteElo "2372"]
[BlackElo "2161"]
[PlyCount "79"]
[EventDate "2000.??.??"]

1. d4 Nf6 2. Nf3 g6 3. c4 Bg7 4. g3 O-O 5. Bg2 d6 6. Nc3 c6 7. e4 Nbd7 8. Bg5
e5 9. O-O Re8 10. dxe5 dxe5 11. Qd6 h6 12. Be3 Qe7 13. Qxe7 Rxe7 14. Rad1 Re8
15. Bh3 Bf8 16. Nd2 Nc5 17. Bxc8 Raxc8 18. Rb1 a5 19. a3 Ne6 20. Rbd1 Nd4 21.
f3 Nd7 22. Nb3 Nxb3 23. Rxd7 Nc5 24. Rdd1 Rcd8 25. Kg2 Ne6 26. Bb6 Ra8 27. Rd7
Reb8 28. Na4 Kg7 29. Rfd1 g5 30. Rh1 Kg6 31. h4 Bg7 32. h5+ Kf6 33. Nc5 Nxc5
34. Bxc5 b6 35. Be7+ Ke6 36. Rhd1 f5 37. Bd8 Bf8 38. exf5+ Kxf5 39. Rf7+ Ke6
40. Rf6# {scalpel checkmated} 1-0

[Event "ICS rated standard match"]
[Site "204.178.125.65"]
[Date "2000.05.19"]
[Round "?"]
[White "M-Castilla"]
[Black "Hossa"]
[Result "0-1"]
[WhiteElo "2073"]
[BlackElo "2374"]
[PlyCount "56"]
[EventDate "2000.??.??"]

1. e4 c5 2. c4 Nc6 3. Nc3 d6 4. g3 Nf6 5. Bg2 Nd4 6. d3 Bg4 7. f3 Bh5 8. Be3 e5
9. Bxd4 exd4 10. Nb1 Qb6 11. Qc2 Be7 12. Ne2 Bg6 13. O-O h5 14. h3 h4 15. Nd2
hxg3 16. Nxg3 O-O-O 17. f4 Rde8 18. a3 Nh5 19. Nxh5 Bxh5 20. Rfb1 g5 21. b4 Qc7
22. bxc5 dxc5 23. f5 g4 24. Rb5 gxh3 25. Rab1 Rhg8 26. Rxb7 Rxg2+ 27. Kf1 Be2+
28. Ke1 Qg3# 0-1

[Event "ICS rated standard match"]
[Site "204.178.125.65"]
[Date "2000.05.19"]
[Round "?"]
[White "Hossa"]
[Black "M-Castilla"]
[Result "1-0"]
[WhiteElo "2379"]
[BlackElo "2068"]
[PlyCount "99"]
[EventDate "2000.??.??"]

1. d4 g6 2. e4 Bg7 3. Nf3 c5 4. dxc5 Qa5+ 5. Nbd2 Qxc5 6. Bd3 Nc6 7. Nb3 Qb6 8.
Be3 Qc7 9. Nfd4 a6 10. O-O d6 11. Qd2 Nf6 12. Bh6 O-O 13. Bxg7 Kxg7 14. Rfd1
Nxd4 15. Nxd4 Qb6 16. c3 Bg4 17. Be2 Bxe2 18. Qxe2 Rac8 19. Nf3 Rc7 20. e5 dxe5
21. Nxe5 Rfc8 22. Rd2 Qc5 23. Rad1 b5 24. g4 h6 25. Rd8 Rxd8 26. Rxd8 Nd5 27.
Nd3 Nxc3 28. bxc3 Qxc3 29. Qe5+ Qxe5 30. Nxe5 Rc2 31. a4 b4 32. Ra8 b3 33. Rb8
b2 34. Kg2 f6 35. Nd3 Rc4 36. h3 Rxa4 37. Rxb2 Rd4 38. Nc5 Kf7 39. Nxa6 h5 40.
gxh5 gxh5 41. Nc5 e5 42. Rb7+ Kg6 43. Ne6 Ra4 44. Rg7+ Kf5 45. Nc5 Rc4 46. Rc7
e4 47. Ne6 Ra4 48. Nf8 Ra2 49. Rc5+ Kf4 50. Ne6# 1-0

[Event "ICS rated standard match"]
[Site "204.178.125.65"]
[Date "2000.05.19"]
[Round "?"]
[White "M-Castilla"]
[Black "Hossa"]
[Result "0-1"]
[WhiteElo "2063"]
[BlackElo "2384"]
[PlyCount "112"]
[EventDate "2000.??.??"]

1. e4 c5 2. c4 Nc6 3. Nc3 d6 4. g3 Nf6 5. Bg2 Nd4 6. d3 Bg4 7. f3 Bh5 8. Be3 e5
9. Bxd4 exd4 10. Nb1 Qb6 11. Qc2 Be7 12. Nd2 Bg6 13. Ne2 a5 14. O-O a4 15. b3
axb3 16. Qxb3 Bd8 17. Rfb1 Qxb3 18. axb3 Rxa1 19. Rxa1 Kf8 20. h3 h6 21. Nf4
Bh7 22. Nd5 Nxd5 23. cxd5 b5 24. Ra8 Ke7 25. Bf1 Re8 26. Kf2 f5 27. Ra7+ Kf8
28. Bg2 Bg8 29. Nb1 fxe4 30. fxe4 Bg5 31. Na3 b4 32. Nb5 Rd8 33. h4 Be3+ 34.
Ke2 Bf7 35. Bf3 h5 36. g4 g5 37. hxg5 hxg4 38. Bxg4 Bxg5 39. Nc7 Be7 40. Be6
Bh5+ 41. Kf2 Bd1 42. Kg3 Bxb3 43. Bg4 Kf7 44. Bh5+ Kf6 45. Ne8+ Kg5 46. Bf7 Bf6
47. Nc7 Be5+ 48. Kf3 Rh8 49. Ne6+ Kf6 50. Ke2 Rh2+ 51. Ke1 Bc2 52. Bg8 Bg3+ 53.
Kf1 Bxd3+ 54. Kg1 Bxe4 55. Rf7+ Ke5 56. Rh7 Bxh7 {M-Castilla resigns} 0-1

[Event "ICS rated blitz match"]
[Site "204.178.125.65"]
[Date "2000.05.19"]
[Round "?"]
[White "Hossa"]
[Black "vadux"]
[Result "1-0"]
[WhiteElo "2408"]
[BlackElo "2178"]
[PlyCount "61"]
[EventDate "2000.??.??"]

1. d4 e6 2. Bf4 Nf6 3. e3 d5 4. Nf3 Bd6 5. Bxd6 cxd6 6. c4 dxc4 7. Bxc4 O-O 8.
Nc3 Nc6 9. O-O e5 10. d5 Ne7 11. Rc1 a6 12. Bb3 Ng6 13. Ng5 h6 14. Nge4 Nxe4
15. Nxe4 f5 16. Nxd6 Qxd6 17. Rc6 bxc6 18. dxc6+ Qe6 19. Bxe6+ Bxe6 20. c7 Rac8
21. Qd6 Bf7 22. Rc1 a5 23. Rc5 a4 24. Qa6 Rfe8 25. Qxa4 Nf8 26. Rc3 Ne6 27. Qd7
Nf8 28. Qxf5 Be6 29. Qc2 Re7 30. b4 Bf7 31. b5 {vadux resigns} 1-0

[Event "ICS Rated standard match"]
[Site "204.178.125.65"]
[Date "2000.05.19"]
[Round "?"]
[White "Hossa"]
[Black "Beadle"]
[Result "1/2-1/2"]
[WhiteElo "2388"]
[BlackElo "2421"]
[PlyCount "103"]
[EventDate "2000.??.??"]

1. d4 Nf6 2. c4 e6 3. Nf3 b6 4. a3 Bb7 5. Nc3 d5 6. cxd5 Nxd5 7. Qa4+ Nd7 8.
Nxd5 exd5 9. g3 Bd6 10. Bh3 a6 11. O-O b5 12. Qc2 O-O 13. Bg5 f6 14. Be6+ Kh8
15. Bf4 Nb6 16. Bxd6 Qxd6 17. Bh3 Bc8 18. Bxc8 Raxc8 19. Nh4 g6 20. Rac1 Nc4
21. Ng2 Rce8 22. b3 Nxa3 23. Qxc7 Qxc7 24. Rxc7 Rxe2 25. Nf4 Rb2 26. Re1 Rb1
27. Rxb1 Nxb1 28. Nxd5 Nd2 29. Rc3 Rd8 30. Nb4 Rxd4 31. Nxa6 Kg7 32. Re3 Kf7
33. Kg2 Ne4 34. Nc7 Nd6 35. h3 Rd2 36. Ne6 Nf5 37. Re1 g5 38. Nc5 h5 39. g4
Nh4+ 40. Kg3 hxg4 41. hxg4 Rd5 42. b4 Ng6 43. Rh1 Ne5 44. Rh7+ Kg6 45. Rb7 Rd4
46. f3 Rxb4 47. Ne6 f5 48. Nf8+ Kf6 49. Nh7+ Kg6 50. Nf8+ Kf6 51. Nh7+ Kg6 52.
Nf8+ 1/2-1/2

[Event "ICS rated standard match"]
[Site "204.178.125.65"]
[Date "2000.05.19"]
[Round "?"]
[White "jacdion"]
[Black "Hossa"]
[Result "1/2-1/2"]
[WhiteElo "2142"]
[BlackElo "2390"]
[PlyCount "144"]
[EventDate "2000.??.??"]

1. e4 c5 2. Nf3 Nc6 3. d4 cxd4 4. Nxd4 g6 5. Be3 Bg7 6. Nc3 d6 7. Bc4 Bd7 8.
O-O Nf6 9. f3 O-O 10. Qd2 Na5 11. Bb3 Nc6 12. Rfd1 Rc8 13. Nxc6 Bxc6 14. Bxa7
b6 15. e5 Nd7 16. exd6 exd6 17. Qxd6 Bxc3 18. bxc3 Qg5 19. Bd5 Bxd5 20. Rxd5
Qe3+ 21. Kh1 Rfd8 22. Rd3 Qf2 23. Rd2 Qe3 24. Rad1 Re8 25. h3 Re7 26. a4 Ra8
27. Rd3 Qe2 28. Bxb6 Nxb6 29. Qxb6 Rxa4 30. Qf6 Re8 31. Rd8 Ra8 32. R1d7 Qe1+
33. Kh2 Qe6 34. Qxe6 fxe6 35. Rxe8+ Rxe8 36. Rc7 Rb8 37. c4 Rb2 38. c3 Rc2 39.
Kg3 g5 40. c5 h6 41. c6 Rxc3 42. Kg4 Rc2 43. Kh5 Kf8 44. Kxh6 Rc5 45. Kg6 Ke8
46. Kf6 Kd8 47. Rd7+ Kc8 48. Rd6 e5 49. Kxg5 e4+ 50. Kf4 exf3 51. gxf3 Kc7 52.
Re6 Rc4+ 53. Kg5 Rc5+ 54. Kg4 Rc4+ 55. f4 Rc1 56. h4 Rg1+ 57. Kf5 Rh1 58. Rh6
Rd1 59. h5 Rd5+ 60. Kg4 Rd1 61. Kg5 Rg1+ 62. Kf6 Rd1 63. Kg5 Rg1+ 64. Kf5 Rh1
65. Kf6 Rd1 66. Kg7 Rd5 67. f5 Rxf5 68. Rg6 Rxh5 69. Rf6 Rg5+ 70. Kf7 Rc5 71.
Ke7 Rxc6 72. Rxc6+ Kxc6 1/2-1/2